| 000 | 00000nam##2200000za#4500 |
| 001 | 9.612111 |
| 003 | CaOODSP |
| 005 | 20200327123928 |
| 007 | ta |
| 008 | 150406|1994||||xxc||||| f|0| 0 eng|d |
| 022 | |a0706-6457 |
| 040 | |aCaOODSP|beng |
| 043 | |an-cn--- |
| 086 | 1 |aFs97-6/1970E |
| 110 | 1 |aCanada. |bDepartment of Fisheries and Oceans. |
| 245 | 10|aFish productive capacity and littoral habitat : |ban annotated bibliography referencing lake trout, lake whitefish, northern pike and walleye in boreal forest lakes / |cby K. E. Marshall. |
| 260 | |aOttawa - Ontario : |bFisheries and Oceans Canada |c1994. |
| 300 | |aiv, 91p. ; |c28 cm. |
| 490 | 1 |aCanadian technical report of fisheries and aquatic sciences|x0706-6457|v1970 |
| 500 | |aPrepared at the Central and Northern Region, Department of Fisheries and Oceans, Winnipeg, Manitoba R3T 2N6. |
| 546 | |aRésumés en français |
| 563 | |aSoftcover |
| 720 | 1 |aMarshall, K.E. |
| 776 | 0#|tFish productive capacity and littoral habitat : |w(CaOODSP)9.573784 |
| 830 | #0|aCanadian technical report of fisheries and aquatic sciences,|x0706-6457|v1970|w(CaOODSP)9.514691 |